ՀՀ Գիտությունների ազգային ակադեմիայի հիմնարար գիտական գրադարան  =   Fundamental Scientific Library of NAS RA
Normal view MARC view

Entry Geographic Name

Number of records used in: 4

001 - CONTROL NUMBER

  • control field: 5978

003 - CONTROL NUMBER IDENTIFIER

  • control field: AM-YEHGA

005 - DATE AND TIME OF LATEST TRANSACTION

  • control field: 20250617070503.0

008 - FIXED-LENGTH DATA ELEMENTS

  • fixed length control field: 150114|| aca||aabn | a|a d

040 ## - CATALOGING SOURCE

  • Original cataloging agency: AM-YEHGA

151 ## - HEADING--GEOGRAPHIC NAME

  • Geographic name: Իզմիր

451 ## - SEE FROM TRACING--GEOGRAPHIC NAME

  • Geographic name: Իզմիրտե

451 ## - SEE FROM TRACING--GEOGRAPHIC NAME

  • Geographic name: Իզմիրտէ

451 ## - SEE FROM TRACING--GEOGRAPHIC NAME

  • Geographic name: Զմյուռնիա

451 ## - SEE FROM TRACING--GEOGRAPHIC NAME

  • Geographic name: Զմիւռնիա

451 ## - SEE FROM TRACING--GEOGRAPHIC NAME

  • Geographic name: Զմիւռին

451 ## - SEE FROM TRACING--GEOGRAPHIC NAME

  • Geographic name: Սմիրնա

451 ## - SEE FROM TRACING--GEOGRAPHIC NAME

  • Geographic name: İzmir

451 ## - SEE FROM TRACING--GEOGRAPHIC NAME

  • Geographic name: Izmir

451 ## - SEE FROM TRACING--GEOGRAPHIC NAME

  • Geographic name: Smirne

451 ## - SEE FROM TRACING--GEOGRAPHIC NAME

  • Geographic name: Smirna

451 ## - SEE FROM TRACING--GEOGRAPHIC NAME

  • Geographic name: Smyrna

451 ## - SEE FROM TRACING--GEOGRAPHIC NAME

  • Geographic name: Smyrne

451 ## - SEE FROM TRACING--GEOGRAPHIC NAME

  • Geographic name: Zmiwṛnia

451 ## - SEE FROM TRACING--GEOGRAPHIC NAME

  • Geographic name: Yazmir

451 ## - SEE FROM TRACING--GEOGRAPHIC NAME

  • Geographic name: Azmir

451 ## - SEE FROM TRACING--GEOGRAPHIC NAME

  • Geographic name: Zmyuṛnia

451 ## - SEE FROM TRACING--GEOGRAPHIC NAME

  • Geographic name: Измир

451 ## - SEE FROM TRACING--GEOGRAPHIC NAME

  • Geographic name: Смирна

670 ## - SOURCE DATA FOUND

  • Uniform Resource Identifier: <a href=" http://hy.wikipedia.org/wiki/Իզմիր"target="_blank">Վիքիպեդիա</a>

670 ## - SOURCE DATA FOUND

  • Source citation: Հակոբյան, Միքայել Ն., Զմյուռնահայ պարբերական մամուլը :(1839-1860թթ.), 1984:
  • Information found: տիտղթ. (Զմյուռնահայ)

781 #0 - SUBDIVISION LINKING ENTRY--GEOGRAPHIC SUBDIVISION

  • Geographic subdivision: Թուրքիա
  • Geographic subdivision: Իզմիր


ՀՀ ԳԱԱ հիմնարար գիտական գրադարան
ՀՀ,Երևան 0019
Մարշալ Բաղրամյան 24/6
հեռախոս:(374-10) 52-47-50
Հետադարձ կապ

All site content, except where otherwise noted, is licensed under a
Creative Commons License